1472 1600 1247 1380 1526 1478 1078 1432 1832 1045 1284 1567 1304 1421 1230 1541 1252 1168 1086 1676 1487 1695 1285 1299 1158 1720 1846 1500 1036 1295 1050 1969 1979 1802 1685 1677 1631 1737 1499 1032 1381 1099 1039 1377 1520 1343 1508 1873 1448 1550 1152 1305 1598 1699 1078 1755 1484 1687 1452 1599 1736 1542 1253 1729 1088 1835 1506 1023 1182 1201 1454 1721 1809 1461 1471 1233 1001 1449 1189 1956 1458 1519 1931 1067 1266 1373 1225 1658 1501 1295 1177 1178 1304 1433 1807 1772 1180 1228 1834 BCNSPRNW ULIB Ver.6.0+V

เปลี่ยนเป็นภาษาไทย

Change to English
 แสดงรายละเอียดบรรณานุกรม
  กลับหน้าหลัก

Brief Record : Get Marc (ISO 2709) : E-mail record : QR code < ปิดหน้าต่าง
LEADER : 00000nam 2200000uu 4500
001    13399125894
003     ULIB
008    170925s2559||||th 000 0 tha d
020    ^a9786169256700
060 04 ^aQV760^bร925ต
110 1  ^aโรงเรียนอายุรเวท (ชีวกโกมารภัจจ์)
245 00 ^aตำราเภสัชกรรมไทย /^cโรงเรียนอายุรเวท (ชีวกโกมารภัจจ์)
250    ^aพิมพ์ครั้งที่ 2
260    ^aกรุงเทพฯ :^bมูลนิธิฟื้นฟูส่งเสริมการแพทย์แผนไทยเดิม,^c2559.
300    ^a262 หน้า :^bภาพประกอบ ;^c26 ซม.
650  7 ^aยา ^zไทย
650  7 ^aเภสัชกรรม
945    ^p0^l0^i003345
945    ^p0^l0^i003346
945    ^p0^l0^i003347
999    ^aประนอม เกษจรัล
รายการนี้ยังไม่มีแท็ก
คุณยังไม่ได้ล็อกอิน คุณสามารถมีกิจกรรมร่วมกับเว็บไซต์ได้ แต่ต้องล็อกอินก่อน ::
  ล็อกอิน

รายการสื่อสารสนเทศ

ลำดับที่ ประเภท เลขเรียก/บาร์โค้ด สถานที่ สถานะ
1. วิทยาศาสตร์การแพทย์ และสุขภาพ
วิทยาศาสตร์การแพทย์ และสุขภาพ
สถานะ=หนังสือเก่า
QV760 ร925ต ฉ.1 
  Barcode: 003345
ห้องสมุดวิทยาเขตสวรรค์ประชารักษ์
►ส่วนจัดเก็บหนังสือเก่า สปร
บนชั้น
  ขอยืม
2. วิทยาศาสตร์การแพทย์ และสุขภาพ
วิทยาศาสตร์การแพทย์ และสุขภาพ
สถานะ=หนังสือเก่า
QV760 ร925ต ฉ.2 
  Barcode: 003346
ห้องสมุดวิทยาเขตสวรรค์ประชารักษ์
►ส่วนจัดเก็บหนังสือเก่า สปร
บนชั้น
  ขอยืม
3. วิทยาศาสตร์การแพทย์ และสุขภาพ
วิทยาศาสตร์การแพทย์ และสุขภาพ
สถานะ=หนังสือเก่า
QV760 ร925ต ฉ.3 
  Barcode: 003347
ห้องสมุดวิทยาเขตสวรรค์ประชารักษ์
►ส่วนจัดเก็บหนังสือเก่า สปร
บนชั้น
  ขอยืม

รายการใกล้เคียง
    หัวเรื่อง [เภสัชกรรม]

BibComment


ยังไม่เคยถูกคอมเมนท์

คอมเมนท์ทรัพยากรรายการนี้
  คอมเมนท์: ตำราเภสัชกรรมไทย..


 Copyright 2026. Bcnsprnw @Library